|
|
|
|
| LEADER |
01187nam a2200277 a 4500 |
| 001 |
2968572 |
| 003 |
GR-PaULI |
| 005 |
20210117211108.0 |
| 008 |
910725s1987 enka 000 0 eng |
| 952 |
|
|
|0 0
|1 0
|2 ddc
|4 0
|6 348_205000000000000_231_AMN
|7 0
|9 241358
|a LISP
|b LISP
|c BSC
|d 2020-06-22
|i 147642
|l 0
|o 348.205 231 AMN
|p 025000274749
|r 2020-06-22 00:00:00
|t 1
|v 2020.00
|w 2020-06-22
|y BK15
|
| 999 |
|
|
|c 145624
|d 145624
|
| 010 |
|
|
|a 91176587
|
| 020 |
|
|
|a 0862101352
|
| 040 |
|
|
|a DLC
|c GR-PaULI
|b gre
|e AACR2
|
| 082 |
0 |
4 |
|a 348.205 231
|2 23
|
| 110 |
2 |
|
|9 181102
|a Amnesty International
|
| 245 |
1 |
0 |
|a Argentina :
|b the military juntas and human rights : report of the trial of the former Junta members, 1985 /
|c Amnesty International.
|
| 260 |
|
|
|a London, U.K. :
|b Amnesty International Publications,
|c 1987.
|
| 300 |
|
|
|a 99 σ. :
|b εικ. ;
|c 21 εκ.
|
| 600 |
1 |
4 |
|9 181353
|a Videla, Jorge Rafael,
|d 1925-2013
|
| 600 |
1 |
4 |
|9 181354
|a Viola, Roberto Eduardo
|
| 600 |
1 |
4 |
|9 181355
|a Galtieri, Leopoldo Fortunato
|
| 650 |
|
4 |
|a Ανθρώπινα δικαιώματα
|9 958
|
| 651 |
|
4 |
|9 181303
|a Αργεντινή
|x Ανθρώπινα δικαιώματα.
|
| 942 |
|
|
|2 ddc
|c BK15
|
| 998 |
|
|
|c ΜΠΟΥΡΑΣ
|d 2020-06
|